MAASAI MARA UNIVERSITY

LIBRARY CATALOGUE

Contact Us: +254 020 2685356/7 or 0774 057787

Box: 861-20500, NAROK, KENYA

Email: info@mmarau.ac.ke

Surviving and thriving in uncertainty : (Record no. 23971)

MARC details
000 -LEADER
fixed length control field 01097nam a22003257a 4500
001 - CONTROL NUMBER
control field 15998211
003 - CONTROL NUMBER IDENTIFIER
control field OSt
005 - DATE AND TIME OF LATEST TRANSACTION
control field 20170518103115.0
008 - FIXED-LENGTH DATA ELEMENTS--GENERAL INFORMATION
fixed length control field 170302b xxu||||| |||| 00| 0 eng d
010 ## - LIBRARY OF CONGRESS CONTROL NUMBER
LC control number 2009046301
015 ## - NATIONAL BIBLIOGRAPHY NUMBER
National bibliography number GBB000484
Source bnb
016 7# - NATIONAL BIBLIOGRAPHIC AGENCY CONTROL NUMBER
Record control number 015453099
Source Uk
020 ## - INTERNATIONAL STANDARD BOOK NUMBER
International Standard Book Number 9780470247884 (cloth)
020 ## - INTERNATIONAL STANDARD BOOK NUMBER
International Standard Book Number 0470247886
035 ## - SYSTEM CONTROL NUMBER
System control number (OCoLC)ocn473116816
040 ## - CATALOGING SOURCE
Original cataloging agency MMU
Transcribing agency MMU
Modifying agency MMU
-- MMU
-- MMU
-- MMU
-- MMU
-- MMU
Language of cataloging eng
050 00 - LIBRARY OF CONGRESS CALL NUMBER
Classification number HD61
Item number .F86 2010
082 00 - DEWEY DECIMAL CLASSIFICATION NUMBER
Classification number 658.15/5
Edition number 22
100 1# - MAIN ENTRY--PERSONAL NAME
Personal name Funston, Frederick.
245 10 - TITLE STATEMENT
Title Surviving and thriving in uncertainty :
Remainder of title creating the risk intelligent enterprise /
Statement of responsibility, etc. Frederick Funston, Stephen Wagner.
260 ## - PUBLICATION, DISTRIBUTION, ETC. (IMPRINT)
Place of publication, distribution, etc. Hoboken, N.J. :
Name of publisher, distributor, etc. Wiley,
Date of publication, distribution, etc. c2010.
300 ## - PHYSICAL DESCRIPTION
Extent xxvi, 338 p. :
Other physical details ill. ;
Dimensions 24 cm.
504 ## - BIBLIOGRAPHY, ETC. NOTE
Bibliography, etc Includes bibliographical references and index.
650 #0 - SUBJECT ADDED ENTRY--TOPICAL TERM
Topical term or geographic name as entry element Risk management.
9 (RLIN) 422
650 #0 - SUBJECT ADDED ENTRY--TOPICAL TERM
Topical term or geographic name as entry element Uncertainty.
700 1# - ADDED ENTRY--PERSONAL NAME
Personal name Wagner, Stephen.
906 ## - LOCAL DATA ELEMENT F, LDF (RLIN)
a 7
b cbc
c orignew
d 1
e ecip
f 20
g y-gencatlg
942 ## - ADDED ENTRY ELEMENTS (KOHA)
Source of classification or shelving scheme Library of Congress Classification
Koha item type L
Holdings
Withdrawn status Lost status Source of classification or shelving scheme Damaged status Not for loan Home library Current library Date acquired Source of acquisition Total Checkouts Full call number Barcode Date last seen Price effective from Koha item type
    Library of Congress Classification     Maasai Mara University Library -Main Campus Maasai Mara University Library -Main Campus 03/02/2017 Donation -T4C   HD61 .F86 2010 17026122 03/02/2017 03/02/2017 L
© 2016 Maasai Mara University.